| 000 | 00600nam a2200217Ia 4500 | ||
|---|---|---|---|
| 005 | 20241129111421.0 | ||
| 008 | 241129s9999||||xx |||||||||||||| ||und|| | ||
| 020 | _a978-93-90887-23-1 | ||
| 037 | _aTB | ||
| 040 |
_aCRL _beng _cCRL |
||
| 041 |
_aurd _2urd |
||
| 084 |
_aO168,3NFA,AK, R2 _qCRL |
||
| 100 |
_aFatima Absar Au. _9724358 |
||
| 245 | 0 |
_aAfsane ki haqiqi ladki _cFatima Absar Au. |
|
| 260 |
_aLucknow, India _bMatterlink _c2022 |
||
| 300 | _a271p. | ||
| 365 |
_aINR _b500 |
||
| 650 |
_aUrdu Fiction _93298 |
||
| 942 |
_cTB _hO168,3NFA,AK, R2 |
||
| 999 |
_c1230371 _d1230371 |
||